Introduction to materials & processes / (Record no. 597956)
[ view plain ]
| 000 -LEADER | |
|---|---|
| fixed length control field | 00316nam a2200121Ia 4500 |
| 008 - FIXED-LENGTH DATA ELEMENTS--GENERAL INFORMATION | |
| fixed length control field | 230907s9999||||xx |||||||||||||| ||und|| |
| 082 ## - DEWEY DECIMAL CLASSIFICATION NUMBER | |
| Classification number | 670 |
| Author Mark | WRI |
| 100 ## - MAIN ENTRY--PERSONAL NAME | |
| Personal name | Wright, John |
| 9 (RLIN) | 54858 |
| 245 #0 - TITLE STATEMENT | |
| Title | Introduction to materials & processes / |
| 260 ## - PUBLICATION, DISTRIBUTION, ETC. | |
| Place of publication, distribution, etc. | Delmar, |
| Name of publisher, distributor, etc. | Albany : |
| Date of publication, distribution, etc. | 1996 |
| 300 ## - PHYSICAL DESCRIPTION | |
| Extent | xiv, 501 p. : |
| 942 ## - ADDED ENTRY ELEMENTS (KOHA) | |
| Koha item type | Book |
| Withdrawn status | Lost status | Damaged status | Not for loan | Permanent Location | Current Location | Date acquired | Total Checkouts | Full call number | Barcode | Date last seen | Price effective from | Koha item type |
|---|---|---|---|---|---|---|---|---|---|---|---|---|
| US-Pakistan Center for Advanced Studies in Energy (USPCAS-E) | US-Pakistan Center for Advanced Studies in Energy (USPCAS-E) | 05/31/2018 | 670 WRI | CAS-E0002055 | 09/12/2023 | 09/12/2023 | Book |
